01804cam a22004694i 4500003000900000005001700009008004100026020001500067020001800082035002000100040003300120082001600153100003200169245003600201264005400237300005200291336002100343337002500364338002300389504003500412504003000447505032900477526000900806526000900815526000900824526000900833526000900842526000900851526000800860526000800868526000800876526000800884526000800892526000800900650002200908910002800930596000600958942001400964999014500978980005501123952015601178PE-LiUPU20250731184510.0160811s r 000 0 spa d a8416381755 a9788416381753 a(Sirsi) a162915 aPE-LiUPUbspacPE-LiUPUerda04a910bCB2201 aBartolazzi Alberto,eautor.13aLa tierra/cAlberto Bartolazzi. aBarcelona EspañabValeria manferto de fabianis. a503 páginas :bilustaciones :c16 centimetros atext2rdacontent aunmediated2rdamedia avolume2rdacarrier aBibliografía : página 498. aÍndices : página 498.0 aLos pilares del cielo -- Elgran azul -- El planeta silencioso -- Las raíces del mundo -- El sentido del agua -- Los espejos del cielo -- Los dioses del fuego -- El reino del hielo -- Un mundo de piedra -- La franja central -- Confines invisibles -- Suaves perfiles -- Entre el agua y la tierra -- El planeta del arco iris. aP136 aP135 aP134 aP133 aP144 aP143 aP87 aP35 aP20 aP14 aP10 aP0604aTierra (Planeta). ajckbjoscjckd20160811 a1 2ddccBOOK a910 CBwDEWEYc11842i74398f2021-11-9g5lCCODEBUL1mBULr0sYtBOOKu2016-8-11xEDUCACIONPP200COMPRAo.STAFF. Colección Generald11842 81gALBERTO SANCHEZ Responsable de Automatización r2025-12-03 00:00:00i6l0o910 CBp74398te1w2016-08-11xFACIHEDyBKzinventario-2023-12-13102ddc50708GENfP20aBULbBULcGENd2016-08-11eCOMPRA